| Tag |
First Indicator |
Second Indicator |
Subfields |
| LEADER |
00000cam a2200000 a 4500 |
| 001 |
in00000017239 |
| 005 |
20151007053423.0 |
| 008 |
861110s1987 enka b 00110 eng d |
| 010 |
|
|
|a 86028187
|
| 020 |
|
|
|a 0471911437 :
|c $30.00 (U.S.)
|
| 020 |
|
|
|a 0471914339 (pbk.) :
|c $15.00 (U.S.)
|
| 035 |
|
|
|a (OCoLC)14905529
|
| 035 |
|
|
|9 AAB1598AM
|
| 040 |
|
|
|a DNLM/DLC
|c DLC
|d TXA
|d UtOrBLW
|
| 049 |
|
|
|a TXAM
|c [A11466402]
|
| 050 |
0 |
0 |
|a BF531
|b .S825 1987
|
| 060 |
|
0 |
|a BF 531 S924p
|
| 082 |
0 |
|
|a 152.4
|2 19
|
| 100 |
1 |
|
|a Strongman, K. T.
|
| 245 |
1 |
4 |
|a The psychology of emotion /
|c K.T. Strongman.
|
| 250 |
|
|
|a 3rd ed.
|
| 264 |
|
1 |
|a Chichester ;
|a New York :
|b Wiley,
|c [1987]
|
| 264 |
|
4 |
|c ©1987
|
| 300 |
|
|
|a xiv, 277 pages :
|b illustrations ;
|c 24 cm.
|
| 336 |
|
|
|a text
|b txt
|2 rdacontent
|
| 337 |
|
|
|a unmediated
|b n
|2 rdamedia
|
| 338 |
|
|
|a volume
|b nc
|2 rdacarrier
|
| 504 |
|
|
|a Bibliography: pages [252]-269.
|
| 500 |
|
|
|a Includes indexes.
|
| 650 |
|
0 |
|a Emotions.
|
| 999 |
|
|
|a MARS
|
| 999 |
f |
f |
|s 3d8b5aa7-b1b7-3011-98b7-573d2643f2dd
|i 13fd005d-19d8-3f7d-baee-747271e6e98b
|t 0
|
| 952 |
f |
f |
|p ric
|a Texas A&M University
|b Rellis Campus
|c Joint Library Facility
|d Remote Storage
|t 0
|e BF531 S825 1987
|h Library of Congress classification
|i unmediated -- volume
|m A14811466402
|
| 998 |
f |
f |
|a BF531 S825 1987
|t 0
|l Remote Storage
|